Estadísticas para animal quiz

Haz click aquí para intentar la prueba.

Estadísticas generales

  • Esta prueba ha sido intentada 27 veces
  • La puntuación promedio es 14 de 16

Estadísticas de respuestas

Respuesta% Correcto
cat
100%
chick
100%
dog
100%
fish
100%
horse
100%
pig
100%
bird
96%
cow
96%
zebra
91%
whale
87%
wolf
87%
dolphin
83%
mouse
78%
bull
57%
hen
52%
guinea pig
30%

Distribución de puntuación

Porcentaje por número respondido

Porcentaje de gente con cada puntuación

Historial de tus puntuaciones

No has intentado esta prueba.